00873nam a2200265Ia 4500001000600000003000900006008004100015040001300056040001300069041001300082100001500095100002900110245003800139245005700177250001100234260002800245260001200273260004900285300005900334500011100393650002500504650003100529700001800560700002900578G5127IT-RoPAU130308s9999 xx 000 0 und d aIT-RoPAU cIT-RoPAU aITALIANO aPoli Diego gCodice Aut. SPICS: 54979 aAlfabeti della nuova Europa (Gli) bAlfabeti: Preistoria e storia del Linguaggio Scritto a1a ed. aCOLOGNOLA AI COLLI (VR) bDemetra c2000 [1° Ed.:2000 - Ed.Ling.Originale:2000] a"48 p. (prefazione: no ; testo: 48 [pagine: 205-252])" aOgamico dell'Irlanda e Alfabeti degli Slavi di Diego Poli. Il Fupark e L'Alfabeto gotico di Renato Gendre. aSAGGI DI LINGUISTICA eCodice materia Spics: 3207 aGendre Renato gCodice Aut. SPICS: 54980